<?xml version="1.0" encoding="UTF-8"?><?xml-stylesheet type="text/xsl" href="static/style.xsl"?><OAI-PMH xmlns="http://www.openarchives.org/OAI/2.0/" xmlns:xsi="http://www.w3.org/2001/XMLSchema-instance" xsi:schemaLocation="http://www.openarchives.org/OAI/2.0/ http://www.openarchives.org/OAI/2.0/OAI-PMH.xsd"><responseDate>2026-06-02T06:07:22Z</responseDate><request verb="GetRecord" identifier="oai:riuma.uma.es:10630/23630" metadataPrefix="marc">https://riuma.uma.es/rest/oai/request</request><GetRecord><record><header><identifier>oai:riuma.uma.es:10630/23630</identifier><datestamp>2026-02-03T12:01:15Z</datestamp><setSpec>com_10630_2254</setSpec><setSpec>col_10630_37959</setSpec></header><metadata><record xmlns="http://www.loc.gov/MARC21/slim" xmlns:dcterms="http://purl.org/dc/terms/" xmlns:doc="http://www.lyncode.com/xoai" xmlns:xsi="http://www.w3.org/2001/XMLSchema-instance" xsi:schemaLocation="http://www.loc.gov/MARC21/slim http://www.loc.gov/standards/marcxml/schema/MARC21slim.xsd">
   <leader>00925njm 22002777a 4500</leader>
   <datafield ind2=" " ind1=" " tag="042">
      <subfield code="a">dc</subfield>
   </datafield>
   <datafield ind2=" " ind1=" " tag="720">
      <subfield code="a">Molina-Cuesta, Lorena</subfield>
      <subfield code="e">author</subfield>
   </datafield>
   <datafield ind2=" " ind1=" " tag="720">
      <subfield code="a">Juárez-Pérez-Cea, Jesús</subfield>
      <subfield code="e">author</subfield>
   </datafield>
   <datafield ind2=" " ind1=" " tag="720">
      <subfield code="a">Moreno-Taboada, Manuel Jesús</subfield>
      <subfield code="e">author</subfield>
   </datafield>
   <datafield ind2=" " ind1=" " tag="260">
      <subfield code="c">2021</subfield>
   </datafield>
   <datafield ind2=" " ind1=" " tag="520">
      <subfield code="a">La presente comunicación relata la historia de tres chicos del mismo barrio pero con vidas muy diferentes. Cada uno de ellos ha superado ciertas barreras derivadas de la exclusión y la marginación social con la que han convivido debido al contexto que han heredado desde la infancia. En la actualidad, cada uno de ellos ha conseguido lograr algunas de las metas que tenían en mente. A lo largo de estas páginas fundamentaremos cuáles son estas metas y el arduo camino que han tenido que recorrer para llegar a&#xd;
algunos de sus destinos propuestos, donde ha estado presente la resiliencia, el acompañamiento y, como no, el afecto.&#xd;
&#xd;
Cada vez más, el acompañamiento educativo se presenta como un elemento que cobra mayor protagonismo en los procesos resilientes. No entendemos el acompañamiento sólo como una herramienta que el educador o educadora social puede usar en la acción, sino que también el acompañamiento se sitúa como propia acción socioeducativa: “en la línea de caminar al lado de alguien que se dirige a un objetivo” (Planella, 2008, p. 2). Esta idea de estar junto a alguien ofrece un sinfín de oportunidades en la propia acción de educar.&#xd;
&#xd;
Por ello, con esta comunicación se pretende clarificar algunos elementos que potencian los procesos resilientes. Estos tres estudios de casos nos darán la oportunidad, además de conocer parte de la historia de ellos, de averiguar si el acompañamiento educativo debe estar presente en la acción de educar no sólo para que los/las educandos puedan conseguir sus metas, sino como forma de potenciar procesos resilientes para eliminar barreras derivadas de la exclusión social (Ruiz-Román et al., 2018).</subfield>
   </datafield>
   <datafield ind1="8" ind2=" " tag="024">
      <subfield code="a">https://hdl.handle.net/10630/23630</subfield>
   </datafield>
   <datafield tag="653" ind2=" " ind1=" ">
      <subfield code="a">Jóvenes marginados</subfield>
   </datafield>
   <datafield tag="653" ind2=" " ind1=" ">
      <subfield code="a">Educación de jóvenes</subfield>
   </datafield>
   <datafield ind2="0" ind1="0" tag="245">
      <subfield code="a">El acompañamiento educativo como elemento potenciador de procesos resilientes: compilación de experiencias educativas</subfield>
   </datafield>
</record>
</metadata></record></GetRecord></OAI-PMH>